Top Song Every Year by Letter - C - Statistics

General Stats
  • This quiz has been taken 45 times
    6 since last reset
  • The average score is 16 of 67
Answer Stats
Year # Artist Song % Correct
1997-1998 1 Elton John Candle in the Wind 1997
100%
1983 13 Dexys Midnight Runners Come On Eileen
100%
1966 1 The Mamas & the Papas California Dreamin
75%
1980 1 Blondie Call Me
75%
2012 2 Carly Rae Jepsen Call Me Maybe
75%
1994 18 Elton John Can You Feel the Love Tonight
75%
2001 36 K-Ci & JoJo Crazy
75%
2006 7 Gnarls Barkley Crazy
75%
1973 7 Elton John Crocodile Rock
75%
2010 4 Katy Perry ft. Snoop Dogg California Gurls
50%
2016 9 Justin Timberlake Can't Stop the Feeling!
50%
1985 1 Wham! Careless Whisper
50%
1984 51 Billy Ocean Caribbean Queen (No More Love on the Run
50%
2020 2 Post Malone Circles
50%
2002 11 Avril Lavigne Complicated
50%
2014 5 OneRepublic Counting Stars
50%
1970 2 The Carpenters (They Long to Be) Close to You
50%
2005 8 50 Cent ft. Olivia Candy Shop
25%
1993 3 UB40 Can't Help Falling in Love
25%
2013 5 Macklemore & Ryan Lewis ft. Ray Dalton Can't Hold Us
25%
1960 3 The Everly Brothers Cathy's Clown
25%
1981 6 Kool & the Gang Celebration
25%
1982 5 The J. Geils Band Centerfold
25%
1987 6 Robbie Nevil C'est La Vie
25%
2015 11 OMI Cheerleader (Felix Jaehn Remix)
25%
2009 27 Britney Spears Circus
25%
2008 20 Ne-Yo Closer
25%
2017 7 The Chainsmokers ft. Halsey Closer
25%
1991 34 Gloria Estefan Coming Out of the Dark
25%
1986 40 Miami Sound Machine Conga
25%
1976 57 C. W. McCall Convoy
25%
2007 20 Soulja Boy Tell 'Em Crank That (Soulja Boy)
25%
2003 4 Beyoncé ft. Jay-Z Crazy in Love
25%
2024 12 Taylor Swift Cruel Summer
25%
1961 4 Roy Orbison Crying
25%
2021 33 Lil Tjay and 6lack Calling My Phone
0%
2018 78 The Weeknd Call Out My Name
0%
1999 39 Jay-Z ft. Amil and Ja Rule Can I Get A...
0%
1963 8 Andy Williams Can't Get Used to Losing You
0%
1992 23 Mariah Carey Can't Let Go
0%
1978 27 Barry Manilow Can't Smile Without You
0%
1967 10 Frankie Valli Can't Take My Eyes Off You
0%
1965 8 Herman's Hermits Can't You Hear My Heartbeat
0%
1977 26 Rose Royce Car Wash
0%
1964 21 The Dixie Cups Chapel of Love
0%
1971 34 Daddy Dewdrop Chick-A-Boom (Don't Ya Jes' Love It)
0%
1979 63 Rickie Lee Jones Chuck E.'s In Love
0%
1972 45 Arlo Guthrie City of New Orleans
0%
1958 2 The Everly Brothers Claudette
0%
2019 58 Ellie Goulding and Diplo ft. Swae Lee Close to Me
0%
1996 11 Quad City DJ's C'mon N'Ride It (The Train)
0%
1989 6 Paula Abdul Cold Hearted
0%
2022 10 Elton John and Dua Lipa Cold Heart (Pnau Remix)
0%
1974 4 Redbone Come and Get Your Love
0%
1959 8 The Fleetwoods Come Softly To Me
0%
2011 38 Diddy – Dirty Money ft. Skylar Grey Coming Home
0%
2004 12 Usher Confessions Part II
0%
1962 36 The Highwaymen Cotton Fields
0%
1975 38 Barry Manilow Could It Be Magic
0%
1988 8 Tiffany Could've Been
0%
2000 29 Nelly Country Grammar
0%
1990 9 Billy Idol Cradle of Love
0%
1995 3 TLC Creep
0%
2023 5 Metro Boomin, the Weeknd and 21 Savage Creepin'
0%
1969 10 Tommy James and the Shondells Crimson and Clover
0%
2025 73 The Weeknd Cry for Me
0%
1968 16 The Box Tops Cry Like a Baby
0%
No matching quizzes found
Score Distribution
Percent of People with Each Score
Percentile by Number Answered
Your Score History
You have not taken this quiz since the last reset